000 00409nam a2200169Ia 4500
008 230524s9999 xx 000 0 und d
020 _a9780070681934
082 _bRAO
100 _a"Rao, P.N"
_938213
245 0 _aCAD/ CAM : Principles and Applications
250 _a1
260 _aNew Delhi
_bTMH
_c2012
300 _axx;768 p.
500 _aQuantity Number: 1
650 _aMechanics
942 _cBK
999 _c52745
_d52745